[Event "Frankfurt Ch A 2015"]
[Site "Ffm-Höchst, BiKuZ"]
[Date "2015.05.11"]
[Round "3.2"]
[White "Poetsch, Hagen"]
[Black "Drill, Frank"]
[Result "1-0"]
[WhiteElo "2464"]
[BlackElo "2024"]
[PlyCount "51"]
[EventDate "2015.??.??"]
[WhiteTeam "SF Schöneck"]
[BlackTeam "SF Neuberg"]

1. c4 b6 2. d4 e6 3. Nc3 Bb4 4. Bd2 Bb7 5. a3 Bxc3 6. Bxc3 Nh6 7. Nf3 O-O 8. d5
d6 9. g3 exd5 10. cxd5 Re8 11. Bg2 Nd7 12. O-O Nf6 13. Ng5 Nhg4 14. e4 h6 15.
Nh3 Bc8 16. Qd4 Ba6 17. Rfe1 Ne5 18. f4 Nd3 19. Re3 Nc5 20. Rae1 Re7 21. e5 Ne8
22. exd6 Rxe3 23. Rxe3 Nf6 24. dxc7 Qxc7 25. b4 Nb3 26. Qd1 1-0

[Event "Frankfurt Ch A 2015"]
[Site "Ffm-Höchst, BiKuZ"]
[Date "2015.05.11"]
[Round "3.3"]
[White "Perlitz, Sven"]
[Black "Milov, Leonid"]
[Result "0-1"]
[WhiteElo "1997"]
[BlackElo "2396"]
[PlyCount "80"]
[EventDate "2015.??.??"]
[WhiteTeam "SC Nied"]
[BlackTeam "SC Noris-Tarrasch Nürnberg"]

1. e4 c5 2. Nf3 e6 3. c3 d5 4. exd5 exd5 5. d4 Nc6 6. Be2 Nf6 7. O-O Bd6 8.
dxc5 Bxc5 9. Nbd2 h6 10. Nb3 Bb6 11. Nfd4 O-O 12. Bf4 Ne4 13. Bf3 Qf6 14. Nxc6
bxc6 15. Be3 Ng5 16. Bd4 Qd6 17. Re1 f6 18. a4 Rb8 19. Bh5 c5 20. Be3 a5 21. g3
Bb7 22. h4 Ne6 23. Qe2 d4 24. Bxh6 gxh6 25. Qxe6+ Qxe6 26. Rxe6 Bd5 27. Rxb6
Rxb6 28. Nxc5 dxc3 29. bxc3 Rc8 30. Re1 Bf7 31. Bxf7+ Kxf7 32. Ne4 Rc4 33. g4
Rxa4 34. f3 Ra2 35. h5 Rab2 36. c4 Rb1 37. Nd6+ Kf8 38. Rxb1 Rxb1+ 39. Kf2 a4
40. Nb5 Rb3 0-1

[Event "Frankfurt Ch A 2015"]
[Site "Ffm-Höchst, BiKuZ"]
[Date "2015.05.11"]
[Round "3.5"]
[White "Seickel, Ralf"]
[Black "Henrich, Thomas"]
[Result "1/2-1/2"]
[WhiteElo "1937"]
[BlackElo "2171"]
[PlyCount "106"]
[EventDate "2015.??.??"]
[WhiteTeam "vereinslos"]
[BlackTeam "SK Marburg"]

1. e4 e6 2. d4 d5 3. Nc3 Bb4 4. e5 c5 5. a3 Bxc3+ 6. bxc3 Ne7 7. Qg4 cxd4 8.
Qxg7 Rg8 9. Qxh7 Qc7 10. Ne2 Nbc6 11. f4 dxc3 12. Qd3 d4 13. Nxd4 Nxd4 14. Qxd4
Bd7 15. Rg1 Nf5 16. Qf2 Qc6 17. Bd3 Qd5 18. Bxf5 exf5 19. Be3 O-O-O 20. Rd1 Qa2
21. Bc5 Bc6 22. Bd6 b6 23. Qe3 Qxc2 24. Rc1 Qa4 25. Rxc3 Kb7 26. Kf2 Rg4 27. g3
Rh8 28. Rgc1 Rxh2+ 29. Ke1 Qa5 30. Qd3 Qd5 31. Qxd5 Bxd5 32. Be7 Rg6 33. Bf6
Rgh6 34. Bh4 Rc6 35. Rxc6 Bxc6 36. Rd1 Ra2 37. Be7 Rg2 38. Bh4 Bb5 39. Rd2 Rg1+
40. Kf2 Rf1+ 41. Ke3 Bc6 42. Kd4 Be4 43. Kc3 Rf3+ 44. Kb2 Kc7 45. Rd6 Bc6 46.
Rd2 Kb7 47. Rd6 Kc7 48. Rd2 Bd7 49. Rc2+ Kb7 50. Rc3 Rf2+ 51. Rc2 Rf1 52. Rc1
Rf2+ 53. Rc2 Rf1 1/2-1/2

[Event "Frankfurt Ch A 2015"]
[Site "Ffm-Höchst, BiKuZ"]
[Date "2015.05.11"]
[Round "3.6"]
[White "Minor, Samuel"]
[Black "Roggensack, Hans Peter"]
[Result "1-0"]
[WhiteElo "2131"]
[BlackElo "1998"]
[PlyCount "79"]
[EventDate "2015.??.??"]
[WhiteTeam "Wiesbadener SV"]
[BlackTeam "SF Frankfurt"]

1. e4 e5 2. Bc4 Nf6 3. d3 c6 4. Nf3 d5 5. Bb3 Nbd7 6. O-O Bd6 7. exd5 Nxd5 8.
d4 O-O 9. Bg5 Qc7 10. c4 h6 11. cxd5 hxg5 12. dxc6 bxc6 13. dxe5 Bxe5 14. Nxe5
Qxe5 15. Nc3 Nc5 16. Re1 Qf6 17. Ne4 Nxe4 18. Rxe4 Bf5 19. Re2 Rfe8 20. Rc1
Rad8 21. Qe1 Rxe2 22. Qxe2 Bd3 23. Qe3 Bg6 24. h3 Qxb2 25. Qxg5 Rd6 26. Re1 Qd4
27. Qg3 Rf6 28. Re8+ Kh7 29. Qe3 Qa1+ 30. Kh2 Qb2 31. f3 Bh5 32. Qe5 Qxe5+ 33.
Rxe5 Bg6 34. Ra5 Bd3 35. Rxa7 Kg6 36. Rc7 Ba6 37. a4 Bd3 38. Kg3 Ba6 39. Bc2+
Kh6 40. Be4 1-0

[Event "Frankfurt Ch A 2015"]
[Site "Ffm-Höchst, BiKuZ"]
[Date "2015.05.11"]
[Round "3.7"]
[White "Benikhis, Avram"]
[Black "Reschke, Thomas"]
[Result "1/2-1/2"]
[WhiteElo "1724"]
[BlackElo "2054"]
[PlyCount "48"]
[EventDate "2015.??.??"]
[WhiteTeam "SC Eschbach"]
[BlackTeam "SC Frankfurt-West"]

1. d4 g6 2. c4 Bg7 3. Nc3 d6 4. e4 Nd7 5. Be3 e5 6. d5 Ne7 7. Qd2 f5 8. Bh6 O-O
9. Bxg7 Kxg7 10. f3 a5 11. h4 Nf6 12. Bd3 f4 13. Nge2 Nh5 14. a4 Ng8 15. O-O-O
Ngf6 16. Rdg1 Nd7 17. b3 Nc5 18. Bc2 c6 19. Kb2 Kh8 20. Nc1 Rb8 21. Ka2 Rf6 22.
Nd3 Qb6 23. Qf2 Ng3 24. Rh2 Bd7 1/2-1/2

[Event "Frankfurt Ch A 2015"]
[Site "Ffm-Höchst, BiKuZ"]
[Date "2015.05.11"]
[Round "3.9"]
[White "Reschke, Stefan"]
[Black "Willems, Matthias"]
[Result "1-0"]
[WhiteElo "2259"]
[BlackElo "1949"]
[PlyCount "201"]
[EventDate "2015.??.??"]
[WhiteTeam "SV Oberursel"]
[BlackTeam "SC Bad Nauheim"]

1. c4 c6 2. Nf3 d5 3. b3 Nf6 4. Bb2 Bf5 5. g3 e6 6. Bg2 Nbd7 7. O-O Bd6 8. d3
O-O 9. Nc3 d4 10. Nxd4 Bg6 11. Qd2 Qe7 12. Rad1 e5 13. Nc2 Rfd8 14. Qc1 a5 15.
Na4 Bh5 16. Rd2 Bb4 17. Nxb4 axb4 18. c5 e4 19. dxe4 Nxe4 20. Bxe4 Qxe4 21.
Rfd1 Qe7 22. Qc4 Ne5 23. Bxe5 Rxd2 24. Rxd2 Qxe5 25. Qf4 Qe8 26. Nb6 Rd8 27.
Qe5 Bg6 28. Qxe8+ Rxe8 29. f3 Kf8 30. Kf2 f6 31. Rd4 Bb1 32. Rxb4 Bxa2 33. Na4
Bb1 34. Rxb7 Bc2 35. Nc3 Ra8 36. b4 Ra3 37. Ne4 Bxe4 38. fxe4 Rb3 39. h4 h5 40.
e3 Rb2+ 41. Kf3 g5 42. hxg5 fxg5 43. Rh7 Rxb4 44. Rxh5 g4+ 45. Kf4 Rc4 46. Re5
Rc3 47. Kxg4 Rxe3 48. Re6 Re1 49. Kf5 Kf7 50. Rxc6 Rf1+ 51. Ke5 Rg1 52. Rc7+
Kg6 53. Rc8 Kf7 54. Kd6 Rxg3 55. c6 Rd3+ 56. Kc7 Ke7 57. Rh8 Rd4 58. Rh7+ Ke6
59. Rh6+ Ke7 60. Rh5 Rxe4 61. Kb6 Rb4+ 62. Rb5 Rc4 63. Rd5 Rb4+ 64. Kc5 Rb1 65.
c7 Rc1+ 66. Kb6 Rb1+ 67. Kc6 Rc1+ 68. Kb7 Rb1+ 69. Ka7 Ra1+ 70. Kb8 Rb1+ 71.
Kc8 Rc1 72. Ra5 Rc2 73. Rh5 Rb2 74. Rh7+ Ke8 75. Rh6 Ke7 76. Ra6 Rb1 77. Ra7
Rb2 78. Rb7 Rc2 79. Kb8 Kd6 80. c8=Q Rxc8+ 81. Kxc8 Kd5 82. Kd7 Kc5 83. Rb8 Kd5
84. Rb5+ Kc4 85. Kc6 Kd4 86. Kd6 Kc4 87. Rb8 Kd4 88. Rb4+ Kd3 89. Kd5 Kc3 90.
Rb5 Kd3 91. Rb3+ Ke2 92. Ke4 Kf2 93. Re3 Kg2 94. Re2+ Kg3 95. Rd2 Kg4 96. Rg2+
Kh5 97. Kf4 Kh6 98. Kf5 Kh7 99. Kf6 Kh8 100. Kf7 Kh7 101. Rh2# 1-0

[Event "Frankfurt Ch A 2015"]
[Site "Ffm-Höchst, BiKuZ"]
[Date "2015.05.11"]
[Round "3.10"]
[White "Mahnke, Ralf"]
[Black "Kaiser, Elmar"]
[Result "0-1"]
[WhiteElo "1873"]
[BlackElo "2172"]
[PlyCount "66"]
[EventDate "2015.??.??"]
[WhiteTeam "SC Nidderau"]
[BlackTeam "SK Tauberbischofsheim"]

1. d4 Nf6 2. c4 g6 3. Nc3 d5 4. cxd5 Nxd5 5. e4 Nxc3 6. bxc3 Bg7 7. Bc4 c5 8.
Ne2 O-O 9. O-O Nc6 10. Be3 Bg4 11. f3 Bd7 12. Qd2 Qc7 13. d5 Na5 14. Bd3 c4 15.
Bc2 e5 16. Rab1 b6 17. Qd1 Rad8 18. Ba4 Bc8 19. Qc1 f6 20. Qb2 Rf7 21. Rf2 Bf8
22. Kh1 Nb7 23. Ng3 Bd6 24. Nf1 Kh8 25. Re2 Rdf8 26. Bh6 Rg8 27. Be3 f5 28. Bg1
f4 29. Ree1 g5 30. Qe2 g4 31. Nd2 gxf3 32. gxf3 Bh3 33. Bb5 Rfg7 0-1

[Event "Frankfurt Ch A 2015"]
[Site "Ffm-Höchst, BiKuZ"]
[Date "2015.05.11"]
[Round "3.11"]
[White "Keller, Peter"]
[Black "Dreis, Volker"]
[Result "1-0"]
[WhiteElo "2094"]
[BlackElo "1847"]
[PlyCount "75"]
[EventDate "2015.??.??"]
[WhiteTeam "Frankfurter TV"]
[BlackTeam "SV Frankfurt Nord"]

1. e4 c5 2. Nf3 Nc6 3. d4 cxd4 4. Nxd4 Nf6 5. Nc3 e5 6. Ndb5 d6 7. Bg5 a6 8.
Na3 b5 9. Nd5 Be7 10. Bxf6 Bxf6 11. c4 b4 12. Nc2 a5 13. Qf3 Bg5 14. h4 Bxh4
15. Rxh4 Qxh4 16. Nc7+ Ke7 17. Nxa8 Bg4 18. Ne3 Bxf3 19. Nf5+ Kf6 20. Nxh4 Bxe4
21. Nb6 g5 22. Nf3 Bxf3 23. gxf3 Nd4 24. O-O-O Ke6 25. Rd3 h5 26. Nd5 f5 27.
Nc7+ Ke7 28. Nb5 Nxb5 29. cxb5 Ke6 30. a3 g4 31. fxg4 fxg4 32. Bg2 Kd7 33. b6
h4 34. b7 Kc7 35. axb4 axb4 36. b3 g3 37. fxg3 h3 38. Bh1 1-0

[Event "Frankfurt Ch A 2015"]
[Site "Ffm-Höchst, BiKuZ"]
[Date "2015.05.11"]
[Round "3.12"]
[White "Fröhlich-Dill, Astrid"]
[Black "Calvi, Stefan"]
[Result "1/2-1/2"]
[WhiteElo "1861"]
[BlackElo "1980"]
[PlyCount "86"]
[EventDate "2015.??.??"]
[WhiteTeam "SV Hofheim"]
[BlackTeam "SF Frankfurt"]

1. d4 Nf6 2. c4 g6 3. Nc3 Bg7 4. e4 d6 5. f3 O-O 6. Be3 c5 7. dxc5 dxc5 8. Qxd8
Rxd8 9. Bxc5 Nc6 10. Nd5 Nd7 11. Ba3 a5 12. f4 Nb4 13. Bxb4 axb4 14. e5 b3 15.
a3 Kf8 16. Nf3 Nc5 17. Nb6 Rb8 18. Nxc8 Rbxc8 19. Be2 Na4 20. Rb1 b5 21. cxb5
Rc2 22. Bd1 Nxb2 23. Bxc2 bxc2 24. Rc1 Nd3+ 25. Kd2 Nxc1+ 26. Kxc1 Rc8 27. Nd4
Rc4 28. Nxc2 Rxf4 29. Re1 Ke8 30. Nb4 Rf2 31. b6 Kd7 32. g3 Kc8 33. a4 Kb7 34.
a5 Bh6+ 35. Kb1 Bd2 36. Rd1 Rxh2 37. Nd5 Bxa5 38. Rf1 f5 39. exf6 exf6 40. Rxf6
Rg2 41. Rf7+ Kb8 42. Rf8+ Kb7 43. Rf7+ Kb8 1/2-1/2

[Event "Frankfurt Ch A 2015"]
[Site "Ffm-Höchst, BiKuZ"]
[Date "2015.05.11"]
[Round "3.13"]
[White "Zimmer, Gerald"]
[Black "Biegel, Thomas"]
[Result "1/2-1/2"]
[WhiteElo "1819"]
[BlackElo "1961"]
[PlyCount "54"]
[EventDate "2015.??.??"]
[WhiteTeam "SC Bergen-Enkheim"]
[BlackTeam "SVG Eppstein"]

1. d4 Nf6 2. Nf3 d5 3. c4 c6 4. cxd5 cxd5 5. Nc3 Nc6 6. Bf4 e6 7. a3 Ne4 8. e3
g5 9. Be5 f6 10. Bg3 h5 11. Nb5 Kf7 12. Bc7 Qd7 13. Qa4 a6 14. Bb6 Ne7 15. Rc1
Qe8 16. Nd2 Nf5 17. Nxe4 dxe4 18. Rc7+ Kg6 19. Nc3 Bd6 20. Qxe8+ Rxe8 21. Rc4
Bd7 22. Nxe4 Rac8 23. Rxc8 Rxc8 24. Nxd6 Nxd6 25. Bd3+ Kf7 26. Kd2 Nc4+ 27.
Bxc4 Rxc4 1/2-1/2

[Event "Frankfurt Ch A 2015"]
[Site "Ffm-Höchst, BiKuZ"]
[Date "2015.05.11"]
[Round "3.14"]
[White "Gutacker, Stephan"]
[Black "Lebermann, Hellmuth"]
[Result "1/2-1/2"]
[WhiteElo "1809"]
[BlackElo "1935"]
[PlyCount "46"]
[EventDate "2015.??.??"]
[WhiteTeam "Sfr. Kelkheim"]
[BlackTeam "SK Bad Homburg"]

1. e4 e5 2. Nf3 d6 3. d4 Nd7 4. Bc4 Be7 5. dxe5 Nxe5 6. Nxe5 dxe5 7. Qh5 Qd4 8.
Qxf7+ Kd8 9. Nc3 Nf6 10. Be3 Qd7 11. Rd1 Bd6 12. O-O Qxf7 13. Bxf7 Ke7 14. Bb3
c6 15. f4 Bg4 16. Rde1 exf4 17. Bxf4 Bxf4 18. Rxf4 Be6 19. Bxe6 Kxe6 20. Kf2
Rhf8 21. Ke3 g5 22. Rf5 Ng4+ 23. Kf3 Ne5+ 1/2-1/2

[Event "Frankfurt Ch A 2015"]
[Site "Ffm-Höchst, BiKuZ"]
[Date "2015.05.11"]
[Round "3.15"]
[White "Krischak, Werner"]
[Black "Breitwieser, Jasmin"]
[Result "1/2-1/2"]
[WhiteElo "1681"]
[BlackElo "1925"]
[PlyCount "103"]
[EventDate "2015.??.??"]
[WhiteTeam "SK Marburg"]
[BlackTeam "SF Frankfurt"]

1. d4 Nf6 2. Nf3 c5 3. c3 e6 4. Bf4 d5 5. e3 Be7 6. h3 O-O 7. Bd3 Nc6 8. O-O
Re8 9. Nbd2 Bf8 10. Re1 Qb6 11. Qc2 g6 12. Rad1 Bg7 13. Ne5 Bd7 14. Bh2 Rac8
15. Qb1 Ne7 16. Ndf3 Bb5 17. Bc2 Nd7 18. a4 Bc6 19. b4 Nxe5 20. Nxe5 cxb4 21.
cxb4 Bxe5 22. Bxe5 a6 23. Qb3 Kf8 24. Bd3 Bd7 25. Rc1 Nc6 26. Bd6+ Kg7 27. Bc5
Qd8 28. e4 dxe4 29. Bxe4 Qg5 30. b5 Na5 31. Qc3 b6 32. Qb4 axb5 33. h4 Qd8 34.
Bd6 bxa4 35. h5 Bc6 36. hxg6 hxg6 37. Bxg6 Qg5 38. Rxc6 Nxc6 39. Qb2 fxg6 40.
d5+ Kg8 41. dxc6 Rxc6 42. Be5 Rec8 43. Qa2 b5 44. g3 Qf5 45. Bf4 Qc2 46. Qa1
Qc3 47. Qb1 Kf7 48. Kg2 Qb3 49. Qa1 Qd5+ 50. Kg1 Rd8 51. Be5 Rcc8 52. Bg7
1/2-1/2

[Event "Frankfurt Ch A 2015"]
[Site "Ffm-Höchst, BiKuZ"]
[Date "2015.05.11"]
[Round "3.16"]
[White "Schmitt, Hans Walter"]
[Black "Larem, Peter"]
[Result "0-1"]
[WhiteElo "1917"]
[BlackElo "1737"]
[PlyCount "52"]
[EventDate "2015.??.??"]
[WhiteTeam "SC Bad Soden"]
[BlackTeam "SG Rödermark"]

1. d4 Nf6 2. c4 c5 3. d5 b5 4. cxb5 a6 5. bxa6 g6 6. Nc3 Bxa6 7. e4 Bxf1 8.
Kxf1 Bg7 9. g3 O-O 10. Kg2 d6 11. Nf3 Nbd7 12. h3 Ra6 13. Re1 Qa8 14. a4 Rb8
15. Qe2 Rb4 16. Ra3 Qb7 17. Qc2 Nb6 18. b3 c4 19. Be3 Nfd7 20. Rb1 Bxc3 21.
Qxc3 Nxa4 22. Qa1 Ndc5 23. Nd2 c3 24. bxa4 cxd2 25. Rd1 Nxe4 26. f3 Nf6 {Last
20 moves not traceable. Die restlichen 20 Züge sind nicht nachvollziehbar.}
0-1

[Event "Frankfurt Ch A 2015"]
[Site "Ffm-Höchst, BiKuZ"]
[Date "2015.05.11"]
[Round "3.17"]
[White "Thole, Markus"]
[Black "Kolker, Vladislav"]
[Result "1/2-1/2"]
[WhiteElo "1773"]
[BlackElo "1908"]
[PlyCount "59"]
[EventDate "2015.??.??"]
[WhiteTeam "SG Rödermark"]
[BlackTeam "SC Bad Nauheim"]

1. e4 e5 2. f4 exf4 3. Nf3 g5 4. h4 g4 5. Ne5 d6 6. Nxg4 Be7 7. d4 Bxh4+ 8. Nf2
Qg5 9. Qf3 Bg3 10. Nc3 Nf6 11. Bd2 Nc6 12. Bb5 Bd7 13. Bxc6 Bxc6 14. d5 Bd7 15.
O-O-O Rg8 16. Rdf1 O-O-O 17. Nd3 Rde8 18. Bxf4 Bxf4+ 19. Qxf4 Nxe4 20. Nxe4
Rxe4 21. Qxg5 Rxg5 22. Rxf7 Bf5 23. Rf1 Bg6 24. Rf8+ Re8 25. Rxe8+ Bxe8 26. Nf4
c6 27. dxc6 bxc6 28. Rh1 Rg4 29. g3 Bg6 30. Nxg6 1/2-1/2

[Event "Frankfurt Ch A 2015"]
[Site "Ffm-Höchst, BiKuZ"]
[Date "2015.05.11"]
[Round "3.18"]
[White "Göbel, Andreas"]
[Black "Lemonidis, Christos"]
[Result "0-1"]
[WhiteElo "1897"]
[BlackElo "1686"]
[PlyCount "56"]
[EventDate "2015.??.??"]
[WhiteTeam "SC Brett vorm Kopp"]
[BlackTeam "SC Nied"]

1. Nf3 d6 2. d4 g6 3. g3 Bg7 4. Bg2 Nh6 5. c4 Nd7 6. Nc3 O-O 7. O-O e5 8. b3
Qe7 9. e3 f5 10. Ba3 e4 11. Nd2 c6 12. Rc1 Nf6 13. d5 c5 14. b4 b6 15. bxc5
bxc5 16. Qc2 Nhg4 17. Rb1 Nd7 18. Ne2 g5 19. Bb2 Nde5 20. h3 Nf6 21. Bc3 Qe8
22. Nc1 Nfd7 23. Ba1 Qh5 24. Qd1 g4 25. Ne2 gxh3 26. Bxe4 fxe4 27. Nxe4 h2+ 28.
Kg2 Qf3+ 0-1

[Event "Frankfurt Ch A 2015"]
[Site "Ffm-Höchst, BiKuZ"]
[Date "2015.05.11"]
[Round "3.19"]
[White "Lessmann, Sven"]
[Black "Rondonuwu, Grover"]
[Result "0-1"]
[WhiteElo "1482"]
[BlackElo "1894"]
[PlyCount "46"]
[EventDate "2015.??.??"]
[WhiteTeam "SC Bad Soden"]
[BlackTeam "Frankfurter TV"]

1. d4 Nf6 2. Nf3 b6 3. g3 Bb7 4. Bg2 g6 5. c4 Bg7 6. Nc3 d6 7. O-O O-O 8. Qc2
Nc6 9. a3 Nd7 10. e3 e5 11. d5 Ne7 12. e4 h6 13. Ne1 f5 14. f4 c6 15. b4 cxd5
16. exf5 gxf5 17. fxe5 dxe5 18. Nxd5 e4 19. Nxe7+ Qxe7 20. Bb2 Ne5 21. Rc1 Rad8
22. Bh3 Qg5 23. Qe2 Rd2 0-1

[Event "Frankfurt Ch A 2015"]
[Site "Ffm-Höchst, BiKuZ"]
[Date "2015.05.11"]
[Round "3.20"]
[White "Diehl, Stefan"]
[Black "Koch, Markus"]
[Result "0-1"]
[WhiteElo "1739"]
[BlackElo "2123"]
[PlyCount "82"]
[EventDate "2015.??.??"]
[WhiteTeam "SC Höchst"]
[BlackTeam "SC Brett vorm Kopp"]

1. f4 c5 2. Nf3 g6 3. e3 Bg7 4. Be2 Nc6 5. O-O Nf6 6. Nc3 O-O 7. b3 d5 8. Ne5
Nxe5 9. fxe5 Ne4 10. Bb2 Bxe5 11. d4 cxd4 12. exd4 Nxc3 13. Bxc3 Bxh2+ 14. Kh1
Bd6 15. Bd2 e6 16. Qe1 Bd7 17. Qf2 Kg7 18. Qe1 Rc8 19. Bd3 a6 20. Rf3 Bb5 21.
Rh3 h5 22. Qe3 Rh8 23. Bxb5 axb5 24. Qd3 Qe7 25. Rf1 b4 26. Be1 Rc7 27. Qd2 f5
28. Bh4 Qf7 29. Bg3 Bxg3 30. Rxg3 Rhc8 31. Qxb4 Rxc2 32. a4 h4 33. Rd3 R8c6 34.
Rfd1 g5 35. R1d2 Rc1+ 36. Rd1 Qc7 37. Qe1 Rxd1 38. Rxd1 h3 39. gxh3 Rc3 40. Kg2
Rxb3 41. Rc1 Rb2+ 0-1

[Event "Frankfurt Ch A 2015"]
[Site "Ffm-Höchst, BiKuZ"]
[Date "2015.05.11"]
[Round "3.21"]
[White "Teschler, Ulrich"]
[Black "Makilla, Tobias"]
[Result "0-1"]
[WhiteElo "2001"]
[BlackElo "1767"]
[PlyCount "132"]
[EventDate "2015.??.??"]
[WhiteTeam "SV Fechenheim"]
[BlackTeam "SC Hattersheim"]

1. d4 d5 2. c4 Nc6 3. Nf3 Bg4 4. cxd5 Bxf3 5. dxc6 Bxc6 6. Nc3 Nf6 7. f3 e6 8.
e4 Be7 9. Be3 O-O 10. Bd3 b6 11. Qc2 h6 12. Rc1 Bb7 13. O-O Rc8 14. Rfd1 c5 15.
Qf2 cxd4 16. Bxd4 Qxd4 17. Qxd4 Bc5 18. Qxc5 Rxc5 19. b4 Rc7 20. Nb5 Rxc1 21.
Rxc1 Rd8 22. Rc3 Ba6 23. a4 Bxb5 24. Bxb5 Rd1+ 25. Kf2 Rd2+ 26. Kf1 Nh5 27. Rc7
Nf4 28. g3 Nh3 29. Rxa7 Rxh2 30. Ra8+ Kh7 31. Be2 Rh1+ 32. Kg2 Re1 33. Bb5 Ng5
34. Kf2 Rb1 35. Rb8 Rxb4 36. Rxb6 Rb2+ 37. Ke3 Rb3+ 38. Kd4 Nxf3+ 39. Kc5 Ne5
40. a5 Rxg3 41. a6 Ra3 42. Kb4 Ra1 43. Ba4 Nd3+ 44. Kb5 Nc5 45. Kxc5 Rxa4 46.
Kb5 Ra1 47. Rc6 h5 48. Rc4 h4 49. Ra4 Rxa4 50. Kxa4 h3 51. a7 h2 52. a8=Q h1=Q
53. Kb4 f5 54. Qe8 Qxe4+ 55. Kc3 Qe5+ 56. Kd2 f4 57. Qe7 Qf6 58. Qe8 f3 59. Ke1
Qh4+ 60. Kf1 Qh1+ 61. Kf2 Qg2+ 62. Ke3 Qe2+ 63. Kf4 f2 64. Kg5 Qe5+ 65. Kh4
Qf6+ 66. Kg3 Qg6+ 0-1

[Event "Frankfurt Ch A 2015"]
[Site "Ffm-Höchst, BiKuZ"]
[Date "2015.05.11"]
[Round "3.22"]
[White "Gräbner, Walter"]
[Black "Schellen, Sven"]
[Result "0-1"]
[WhiteElo "1955"]
[BlackElo "1729"]
[PlyCount "34"]
[EventDate "2015.??.??"]
[WhiteTeam "SC Nied"]
[BlackTeam "SF Frankfurt"]

1. d4 d5 2. c4 Nc6 3. cxd5 Qxd5 4. e3 Nf6 5. Nc3 Qf5 6. Nf3 e5 7. Bb5 Bd7 8.
O-O e4 9. Nd2 Qg6 10. f3 exf3 11. Qxf3 O-O-O 12. h3 Kb8 13. Nde4 Nxe4 14. Nxe4
Nxd4 15. exd4 Bxb5 16. Re1 Bc6 17. Bf4 Bb4 0-1

[Event "Frankfurt Ch A 2015"]
[Site "Ffm-Höchst, BiKuZ"]
[Date "2015.05.11"]
[Round "3.23"]
[White "Rauscher, Joachim"]
[Black "Rutsatz, Mario"]
[Result "0-1"]
[WhiteElo "1714"]
[BlackElo "1917"]
[PlyCount "76"]
[EventDate "2015.??.??"]
[WhiteTeam "SC Brett vorm Kopp"]
[BlackTeam "SF Frankfurt"]

1. e4 e6 2. d4 d5 3. Nd2 Nf6 4. Bd3 c5 5. c3 Nc6 6. Ngf3 Be7 7. O-O cxd4 8.
cxd4 Qb6 9. e5 Nd7 10. Nb3 a5 11. a4 f6 12. Re1 fxe5 13. Nxe5 Ndxe5 14. dxe5
O-O 15. Be3 Qb4 16. f4 g6 17. Qc2 Rf7 18. Bb5 Bf8 19. Bd2 Nd4 20. Nxd4 Qxd4+
21. Be3 Qb4 22. Be8 Rg7 23. Rac1 Bd7 24. Bxd7 Rxd7 25. Rf1 d4 26. Bd2 Qb6 27.
Kh1 d3 28. Qc4 Rd5 29. Qa2 Rad8 30. f5 gxf5 31. Rf3 Kh8 32. Bg5 d2 33. Rd1 Rc8
34. Rxf5 Bg7 35. Rff1 Qa6 36. Rf2 Rc1 37. Qb3 Qb6 38. Qf3 Qxf2 0-1

[Event "Frankfurt Ch A 2015"]
[Site "Ffm-Höchst, BiKuZ"]
[Date "2015.05.11"]
[Round "3.25"]
[White "Bernig, Andreas"]
[Black "Kellerwessel, Ralf"]
[Result "0-1"]
[WhiteElo "1711"]
[BlackElo "1913"]
[PlyCount "98"]
[EventDate "2015.??.??"]
[WhiteTeam "SV Oberursel"]
[BlackTeam "SC Bad Soden"]

1. e4 g6 2. d4 Bg7 3. Nf3 c5 4. c3 cxd4 5. Nxd4 Nc6 6. Be3 Nf6 7. f3 O-O 8. Bd3
d5 9. Nd2 e5 10. Ne2 Be6 11. O-O Qe7 12. Bb5 Rfd8 13. Qa4 Qc7 14. Bf2 Ne7 15.
Rfd1 a6 16. Bd3 Rd7 17. exd5 Bxd5 18. Ne4 Bc6 19. Nxf6+ Bxf6 20. Qb3 Bd5 21. c4
Be6 22. Bb6 Qc6 23. Qb4 Rc8 24. b3 Bf5 25. Bxf5 Nxf5 26. Rxd7 Qxd7 27. Qe1 Qc6
28. Qf2 e4 29. Rd1 exf3 30. gxf3 Nh4 31. Rd3 Re8 32. Ng3 Bg7 33. Ne4 f5 34. Rd6
Nxf3+ 35. Qxf3 Qxe4 36. Qxe4 fxe4 37. Rd8 Rxd8 38. Bxd8 Bd4+ 39. Kf1 Kf7 40.
Bg5 Ke6 41. Ke2 Kf5 42. Bd8 g5 43. h3 h5 44. b4 g4 45. hxg4+ Kxg4 46. Bc7 h4
47. a4 h3 48. b5 Kf5 49. bxa6 bxa6 0-1

[Event "Frankfurt Ch A 2015"]
[Site "Ffm-Höchst, BiKuZ"]
[Date "2015.05.11"]
[Round "3.26"]
[White "Kuhn, Gerhard"]
[Black "Illenberger, Dirk"]
[Result "1/2-1/2"]
[WhiteElo "1912"]
[BlackElo "1698"]
[PlyCount "122"]
[EventDate "2015.??.??"]
[WhiteTeam "SK Marburg"]
[BlackTeam "TSG Nieder-Erlenbach"]

1. e4 c5 2. c3 g6 3. d4 cxd4 4. cxd4 d5 5. exd5 Nf6 6. g3 Qxd5 7. Nf3 Bg4 8.
Bg2 Nc6 9. O-O Bg7 10. Nc3 Qh5 11. Qd3 O-O 12. Ne2 Nb4 13. Qb3 Nbd5 14. Nf4
Nxf4 15. Bxf4 Nd5 16. Be5 Nb6 17. Bxg7 Kxg7 18. Ne5 Rab8 19. Qa3 Be6 20. Qxe7
Nd5 21. Qa3 a6 22. Rac1 Rfd8 23. Qf3 Qg5 24. h4 Qd2 25. Nc4 Qxd4 26. Rfd1 Qf6
27. Qxf6+ Kxf6 28. a3 Rd7 29. Nd2 Ke7 30. Ne4 Nf6 31. Rxd7+ Bxd7 32. Nxf6 Kxf6
33. Rc7 Bb5 34. Bxb7 Rd8 35. Rc2 Rd7 36. Ba8 h5 37. Kg2 Kg7 38. Rc3 Be2 39. b4
Bb5 40. Be4 Ba4 41. Rc5 Re7 42. Bd3 Ra7 43. Kf1 Bb5 44. Bxb5 axb5 45. Rc3 Rd7
46. Ke2 Kf6 47. Ke3 Rd6 48. Rd3 Rc6 49. Kd2 Rc7 50. Rc3 Rd7+ 51. Kc2 Re7 52.
Kb3 Re2 53. Rc2 Re1 54. a4 bxa4+ 55. Kxa4 Ke5 56. b5 Kd4 57. b6 Rb1 58. Ka5 Kd3
59. Ra2 Kc4 60. Ra4+ Kc5 61. Rf4 f5 1/2-1/2

[Event "Frankfurt Ch A 2015"]
[Site "Ffm-Höchst, BiKuZ"]
[Date "2015.05.11"]
[Round "3.28"]
[White "Hinz, André"]
[Black "Rudolph, Lukas"]
[Result "0-1"]
[WhiteElo "1690"]
[BlackElo "1899"]
[PlyCount "68"]
[EventDate "2015.??.??"]
[WhiteTeam "VfB Lettin"]
[BlackTeam "SK Niederbrechen"]

1. c4 c6 2. g3 d5 3. Nf3 Nf6 4. Bg2 Bf5 5. O-O e6 6. cxd5 exd5 7. Qb3 Qb6 8.
Qxb6 axb6 9. d3 Nbd7 10. b3 Bd6 11. Bb2 O-O 12. Nc3 Rfe8 13. Rfe1 h6 14. Nd4
Bh7 15. e4 dxe4 16. dxe4 Nc5 17. f3 Nd3 18. Red1 Nxb2 19. Rd2 Bc5 20. Kh1 Red8
21. Nce2 Bxd4 22. Rxd4 Rxd4 23. Nxd4 Rd8 24. Nc2 Rd2 25. Ne3 Nd7 26. a4 Nc5 27.
a5 Nxb3 28. a6 Nxa1 29. axb7 Rd8 30. Bh3 Rb8 31. Bc8 Nb3 32. e5 Nc5 33. f4 Nxb7
34. Bd7 Be4+ 0-1

[Event "Frankfurt Ch A 2015"]
[Site "Ffm-Höchst, BiKuZ"]
[Date "2015.05.11"]
[Round "3.29"]
[White "Zimpfer, Andreas"]
[Black "Neubauer, Robert"]
[Result "1-0"]
[WhiteElo "1890"]
[BlackElo "1670"]
[PlyCount "117"]
[EventDate "2015.??.??"]
[WhiteTeam "SC Butzbach"]
[BlackTeam "SK Bad Homburg"]

1. d4 Nf6 2. c4 g6 3. Nc3 d5 4. Nf3 Bg7 5. Qb3 c6 6. Bg5 Ne4 7. cxd5 Nxg5 8.
Nxg5 O-O 9. e3 e5 10. Nf3 exd4 11. exd4 Re8+ 12. Be2 cxd5 13. Qxd5 Qb6 14. Qb5
Rxe2+ 15. Qxe2 Bd7 16. O-O Nc6 17. Rfd1 Re8 18. Qb5 Qc7 19. Qc4 Qf4 20. Ne2 Qg4
21. Ng3 Be6 22. Qb5 Bd7 23. h3 Nxd4 24. Nxd4 Qxd1+ 25. Rxd1 Bxb5 26. Nxb5 Bxb2
27. Kf1 a6 28. Nc7 Rc8 29. Nd5 Kg7 30. Rb1 Be5 31. Ne2 Rc2 32. Nb4 Rd2 33. Ke1
Rd7 34. Rb3 Bc7 35. Rd3 Re7 36. Kd1 Bb6 37. f3 Bc5 38. Nd5 Rd7 39. Nec3 b5 40.
Ne4 Be7 41. Kc2 Bd8 42. Nc5 Rd6 43. Nb4 Rxd3 44. Kxd3 a5 45. Nc6 Bb6 46. Nb3 a4
47. Nbd4 f5 48. Nxb5 Kf6 49. Nc3 Kg5 50. Nxa4 Bg1 51. Nc3 Kh4 52. Ne2 Bb6 53.
a4 h5 54. Ne5 Kg5 55. f4+ Kh6 56. Nd4 h4 57. Ndc6 g5 58. Nf7+ Kh5 59. Nxg5 1-0

[Event "Frankfurt Ch A 2015"]
[Site "Ffm-Höchst, BiKuZ"]
[Date "2015.05.11"]
[Round "3.30"]
[White "Stricker, Konstantin"]
[Black "Schmitt, Roland"]
[Result "1-0"]
[WhiteElo "1666"]
[BlackElo "1884"]
[PlyCount "114"]
[EventDate "2015.??.??"]
[WhiteTeam "SC Eschbach"]
[BlackTeam "SK Großsachsen"]

1. e4 c5 2. Nf3 d6 3. d4 cxd4 4. Nxd4 Nf6 5. Nc3 g6 6. h3 Bg7 7. Be3 O-O 8. Be2
Nc6 9. O-O Bd7 10. Kh1 Rc8 11. f4 Qb6 12. Nxc6 Qxc6 13. Bf3 Qc7 14. Qd2 b5 15.
a3 a5 16. Rac1 Bc6 17. Nd5 Bxd5 18. exd5 Nd7 19. c3 Nc5 20. Qe2 Nb3 21. Rcd1
Qb7 22. Rfe1 Rc7 23. Be4 Rfc8 24. Bd3 Rb8 25. Bc2 a4 26. f5 Na5 27. fxg6 hxg6
28. Bg5 Nc4 29. Bb1 Ne5 30. Qd2 Kh7 31. Re4 Rc4 32. Rde1 f6 33. Bh4 Bh6 34. Qd1
Rbc8 35. Bf2 f5 36. Rh4 Rxh4 37. Bxh4 Rc4 38. Bg3 Bg7 39. Ba2 Rc8 40. Bf4 Bf6
41. Bc1 Kg7 42. Bb1 Qd7 43. Re3 Rh8 44. Rg3 Bh4 45. Re3 Bf2 46. Re2 Ng4 47. Qf1
Bh4 48. Bf4 g5 49. Bh2 f4 50. Bg1 Rh6 51. Bd4+ Kg8 52. Qf3 Bg3 53. Kg1 Nf6 54.
Re6 g4 55. Bf5 gxf3 56. Rxf6 Qc7 57. Rxh6 Qc4 1-0